| 000 | 00870nam a2200277Ia 4500 | ||
|---|---|---|---|
| 001 | Z_1357 | ||
| 003 | CHAP | ||
| 005 | 20230303120236.0 | ||
| 008 | 220113s1980 xx 000 0 und d | ||
| 010 | _a164445 | ||
| 040 | _cCHAP | ||
| 090 | _aTesis O 97 | ||
| 100 |
_aOrcasberro, Ruy _983403 |
||
| 245 |
_aGamma-irradiated sewage solids as a supplement for rumiants fed low quality forages / _cby Ruy Orcasberro |
||
| 260 |
_aLas Cruces, New México : _bThe author, _c1980 |
||
| 300 | _a151 h | ||
| 502 | _aThesis (Doctor of philosophy. Area Range Science) -- New México State University. Department of Animal Science | ||
| 650 |
_aRadiación _xEfecto en Alimentos _993665 |
||
| 650 |
_aRayos Gamma _994856 |
||
| 650 |
_aRumiantes _xAlimentación |
||
| 901 | _aTESIS O 97 | ||
| 902 | _aM | ||
| 910 | _a1980 | ||
| 942 |
_cTESIS _2local |
||
| 942 |
_c2 _2ddc |
||
| 999 |
_c164445 _d164445 |
||